Sustainability for SMEs (Record no. 121210)

MARC details
000 -LEADER
fixed length control field 00850cam a22002655a 4500
001 - CONTROL NUMBER
control field K121210
008 - FIXED-LENGTH DATA ELEMENTS--GENERAL INFORMATION
fixed length control field 130614s2017 xxk f 000 0 eng d
020 ## - INTERNATIONAL STANDARD BOOK NUMBER
ISBN 9781351274807
035 ## - SYSTEM CONTROL NUMBER
System control number (Sirsi) u157863
041 0# - LANGUAGE CODE
Language code of text/sound track or separate title eng
100 1# - MAIN ENTRY--PERSONAL NAME
Personal author Cohen, Elaine
245 00 - TITLE STATEMENT
Title Sustainability for SMEs
260 ## - PUBLICATION INFORMATION
Publisher Routledte
Date 2017
300 ## - PHYSICAL DESCRIPTION
Physical description ebook
520 ## - ABSTRACT
Abstract Offers advice for Small Management Enterprises (SMES) on sustainability reporting, developing a sustainability strategy for their businesses and sustainable energy options
650 24 - KEYWORDS
Keywords EBOOK
650 24 - KEYWORDS
Keywords SMEs
650 24 - KEYWORDS
Keywords Energy
651 #4 - SUBJECT ADDED ENTRY--GEOGRAPHIC NAME
Geographic name United Kingdom
690 ## - BROAD SUBJECT
Broad subject Sustainability
9 (RLIN) 6271
700 ## - ADDED PERSONAL NAME
Added personal author Mckay, Alexandra
700 ## - ADDED PERSONAL NAME
Added personal author Wolfe, Philip
856 40 - ONLINE RESOURCE
Uniform Resource Identifier <a href="https://www.vlebooks.com/">https://www.vlebooks.com/</a>
Public note View on VLEbooks. Logins for members only from [email protected]
942 ## - ADDED ENTRY ELEMENTS (KOHA)
Suppress in OPAC Do not suppress in OPAC
Holdings
Lost status Damaged status Not for loan Home library Current library Shelving location Date acquired Total Checkouts Full call number Date last seen Price effective from Koha item type
      Virtual Virtual Online 21/02/2020   EBOOK 21/02/2020 21/02/2020 Online material